000
00204 a2200097 4500
001
47587
100
_a
Gorman J.T
245
_a
The army of today
260
_a
London
_b
Blackie
_c
090
_c
30600
_d
30600
942
_a
NUST-CAE
_c
M
_c
22893
999
_c
282660
_d
282660